| 000 | 00596nam a2200181Ia 4500 | ||
|---|---|---|---|
| 003 | GCL | ||
| 008 | 140319s9999 xx 000 0 ara d | ||
| 040 |
_aGCL / _cGCL |
||
| 082 | 0 | 4 |
_a345.06 _bع ت |
| 100 | 1 | _aعبدالواحد امام مرسى | |
| 245 | 1 | 0 |
_aالتحقيق الجنائى علم وفن : بين النظرية والتطبيق / _cعبدالواحد امام مرسى |
| 300 | _a495 ص | ||
| 490 | _a | ||
| 650 | 0 | 4 | _aالقانون الجنائى |
| 650 | 0 | 4 | _aقانون الاجراءات الجنائية |
| 650 | 0 | 4 | _aالتحقيق الجنائى |
| 942 |
_2ddc _cBK |
||
| 999 |
_c41983 _d41983 |
||